000 02024cam a22004814i 4500
003 PE-LiUPU
005 20250731172716.0
008 150617s r 000 0 d
020 _a9505510578
035 _a(Sirsi) i9789505510573
040 _aPE-LiUPU
_bspa
_cPE-LiUPU
_erda
049 _aPRUA
082 0 4 _a233.11
_bC872
_221
100 1 _aCroatto, José Severino,
_eautor.
245 1 0 _aCrear y amar en libertad :
_bestudio de Génesis 2:4-3:24 /
_cJosé Severino Croatto.
264 1 _aBuenos Aires :
_bEdiciones La Aurora,
_c1986.
300 _a227 páginas ;
_c22 centímetros.
336 _atext
_2rdacontent
337 _aunmediated
_2rdamedia
338 _avolume
_2rdacarrier
490 0 _a(El hombre en el mundo ;
_v2)
505 0 _aUn hombre para trabajar en la tierra -- Un lugar para el hombre. El primer mandamiento de Yavé -- Hombre y mujer: El encuentro humano en la pareja -- La mujer escucha a la muestra de sabiduría -- La palabra que concientiza: El hombre frente a Dios -- Yavé fija los destinos: La palabra sobre la condición humana -- El primer exilio: el hombre fuera de su lugar privilegiado -- De la crítica histórica de la hermenéutica -- Sobre algunas cuestiones teológicas -- Génesis 2-3 en su contexto literario y teológico.
526 _aSEG42
526 _aSEG41
526 _aSEG40
526 _aSEG39
526 _aP94
526 _aP87
526 _aP86
526 _aP85
526 _aP77
526 _aP76
526 _aP35
630 0 _aBiblia.
_pGénesis
_xCrítica, interpretación, etc.
_9947
650 0 _aTeología bíblica
_91347
910 _ajck
942 _2ddc
_cBK
949 _a233.11 C87 2
_wDEWEY
_c1
_i28911
_lCCODEBUL1
_mBUL
_r0
_sY
_tBOOK
_u2015-4-21
_xTEOLOGIA
_0COMPRA
_o.STAFF. Colección General
949 _a233.11 C87 2
_wDEWEY
_c2
_i28910
_lCCODEBUL1
_mBUL
_r0
_sY
_tBOOK
_u2015-4-21
_xTEOLOGIA
_0COMPRA
_o.STAFF. Colección General
999 _c863
_d863
980 _81
_gALBERTO SANCHEZ Responsable de Automatización